| Поле | Инд. | ПП | Название | Значение |
|---|---|---|---|---|
| Тип записи | a | |||
| Библиографический уровень | m | |||
| 001 | Контрольный номер | RU/LIBMSTU/307120843 | ||
| 005 | Дата корректировки | 20170515140413.3 | ||
| 008 | Кодируемые данные | 090929|||||||||ru |||||||||||000|||rus|| | ||
| 020 | a | ISBN | 978-5-903826-15-5 | |
| c | Цена, тираж | 345-00 | ||
| 040 | b | Код языка каталог. | rus | |
| 041 | 0_ | a | Код языка текста | rus |
| 084 | a | Индекс другой классификации/Индекс ББК | 33.36я7 | |
| 090 | a | Полочн. индекс | 33 | |
| x | Авторский знак | П 48 | ||
| 100 | 1_ | a | Автор | Покрепин Б. В. |
| 245 | 10 | a | Заглавие | Способы эксплуатации нефтяных и газовых скважин |
| b | Продолж. заглавия | учеб. пособие | ||
| 260 | a | Место издания | Волгоград | |
| b | Издательство | Ин-Фолио | ||
| c | Дата издания | 2008 | ||
| 300 | a | Объем | 349 с. | |
| b | Иллюстрации/ тип воспроизводства | ил. | ||
| 650 | 04 | a | Основная рубрика | Нефтяные и газовые скважины-Эксплуатация-Учебные издания для среднего профессионального образования |
| 653 | 0_ | a | Ключевые слова | Винтовые насосы |
| a | Ключевые слова | Газлифтная добыча нефти | ||
| a | Ключевые слова | Скважины нефтяные | ||
| a | Ключевые слова | Скважины газовые | ||
| a | Ключевые слова | Турбонасосные установки | ||
| a | Ключевые слова | Фонтанная добыча нефти | ||
| a | Ключевые слова | Штанговые насосы | ||
| a | Ключевые слова | Эксплуатация скважин | ||
| 901 | t | Тип документа | m | |
| 952 | c | Вид литературы | учебное пособие |